000
00278nam a2200133Ia 4500
100
_a
Stallings/ William
942
_c
BK
654
_a
data
245
_a
Data and computer communication
260
_b
Pearson
_c
2000
082
_a
4.6
_b
STA
300
_a
805
546
_a
ENGLISH
999
_c
30005
_d
30005